000 00786nam a2200229 4500
001 137822
003 ES-MaACL
005 20230906195440.0
007 t|
008 070214s1977 sp r ||||1| spa d
100 1 _aSalmerón de Diego, Juan.
_9101994
245 1 0 _aIntoxicaciones producidas por pesticidas /
_cJuan Salmerón de Diego, José Salmerón de Diego.
250 _a2ª ed. aum.
260 _aMadrid :
_bMinisterio de Agricultura,
_c1977.
300 _a195 p. :
_bil. ;
_c22 cm.
490 1 _aPublicaciones de extensión agraria
700 1 _aSalmerón de Diego, José.
_9101993
710 1 _aEspaña.
_bMinisterio de Agricultura.
_93837
830 0 _aPublicaciones de extensión agraria
_9181874
852 _aES-MaACL
_jA-7118
_bR.95912
999 _c137822
_d137822